00639nam a2200181Ia 4500008004100000020001500041041001200056082001600068100001600084245007800100260004900178300000800227650000700235700002200242942000700264999001500271952017100286221030s9999 xx 000 0 und d a8122403688 aEnglish a105.23bRai aK. B. Raina 0aElectrical Design Estimating & Costingcby K. B. Raina, S. K.Bhattacharya bNew Age International Pub.aNew Delhic1998 a395 aEE aS. K.Bhattacharya cBK c6402d6402 pBE 903g145.00l0o105.23 Rair2024-06-13 00:00:00w2022-10-30yBK003Print4070aMIETLIBbMIETLIBcBL-Academic Block A, FL-11, CUP-36, SH-1, R-1d2000-02-0210HBE